[Event "FICGS class C 000256 email"]
[Site "FICGS email"]
[Date "2018.06.13"]
[Round "1"]
[White "Dolzhikov, Aleksandr"]
[Black "Price, Eric A Sr"]
[Result "0-1"]
[WhiteElo "1800"]
[BlackElo "1845"]
[PlyCount "66"]
[EventDate "2018.??.??"]
[EventType "tourn (corr)"]
[EventRounds "4"]
[SourceTitle "Corr 2022"]
[Source "ChessBase"]
[SourceDate "2021.10.24"]
[SourceVersion "1"]
[SourceVersionDate "2021.10.24"]
[SourceQuality "1"]

1. c4 Nf6 2. Nc3 e5 3. Nf3 Nc6 4. g3 d5 5. cxd5 Nxd5 6. Bg2 Nxc3 7. bxc3 Bd6 8. 0-0 0-0 9. Bb2 Bf5 10. Nh4 Bd7 11. Qb3 b6 12. Rfd1 Na5 13. Qc2 Bc6 14. Bxc6 Nxc6 15. d4 exd4 16. cxd4 Nb4 17. Qe4 Re8 18. Qg4 Qf6 19. e4 Bf8 20. e5 Qe6 21. Qxe6 fxe6 22. a3 Nd5 23. Rac1 c5 24. dxc5 Bxc5 25. Nf3 Rf8 26. Kg2 h6 27. Nh4 Rxf2+ 28. Kh3 Rxb2 29. Ng6 Kh7 30. Nh4 Rf8 31. Rb1 Rff2 32. Rxb2 Rxb2 33. Nf3 g5 0-1

[Event "FICGS class C 000256 email"]
[Site "FICGS email"]
[Date "2018.06.13"]
[Round "1"]
[White "Price, Eric A Sr"]
[Black "De la Foret, Fred"]
[Result "0-1"]
[WhiteElo "1845"]
[BlackElo "1923"]
[PlyCount "28"]
[EventDate "2018.??.??"]
[EventType "tourn (corr)"]
[EventRounds "4"]
[SourceTitle "Corr 2022"]
[Source "ChessBase"]
[SourceDate "2021.10.24"]
[SourceVersion "1"]
[SourceVersionDate "2021.10.24"]
[SourceQuality "1"]

1. e4 c5 2. Nf3 d6 3. d4 cxd4 4. Nxd4 Nc6 5. Nc3 Nf6 6. Bg5 e6 7. Bc4 Be7 8. f4 h6 9. Bh4 Qb6 10. Nxc6 bxc6 11. Bf2 Qxb2 12. Kd2 Qb4 13. Bd3 e5 14. Rb1 Qa5 0-1

[Event "FICGS class C 000256 email"]
[Site "FICGS email"]
[Date "2018.06.13"]
[Round "1"]
[White "Price, Eric A Sr"]
[Black "Vollmer, Steve"]
[Result "0-1"]
[WhiteElo "1845"]
[BlackElo "1651"]
[PlyCount "90"]
[EventDate "2018.??.??"]
[EventType "tourn (corr)"]
[EventRounds "4"]
[SourceTitle "Corr 2022"]
[Source "ChessBase"]
[SourceDate "2021.10.24"]
[SourceVersion "1"]
[SourceVersionDate "2021.10.24"]
[SourceQuality "1"]

1. e4 e5 2. Nf3 Nc6 3. Bb5 a6 4. Ba4 Nf6 5. 0-0 b5 6. Bb3 Be7 7. d4 Nxe4 8. dxe5 Nc5 9. Nc3 Nxb3 10. axb3 0-0 11. Bf4 Bb7 12. Nd5 Rc8 13. Nxe7+ Qxe7 14. c3 Nd8 15. Bg5 Qe6 16. Re1 Qg6 17. Bxd8 Rcxd8 18. Re3 d6 19. Qd4 c5 20. Qf4 Bxf3 21. Rxf3 dxe5 22. Qg3 Qxg3 23. Rxg3 Rd2 24. h4 Ra8 25. Ra2 f6 26. h5 Kf7 27. Re3 Rd6 28. b4 c4 29. g4 g6 30. Rh3 g5 31. b3 cxb3 32. Rb2 Re8 33. Rxb3 e4 34. Re3 Rd3 35. Ra3 Rxe3 36. fxe3 Re6 37. Kf2 Rd6 38. Ke2 f5 39. Ra1 fxg4 40. Rg1 Kf6 41. Rf1+ Ke5 42. Rf8 g3 43. Rf1 Rh6 44. Rg1 Rxh5 45. Rxg3 Kf5 0-1

[Event "FICGS W-ch st1 g01 email"]
[Site "FICGS email"]
[Date "2018.03.02"]
[Round "1"]
[White "Price, Eric A Sr"]
[Black "Jabot, Daniel"]
[Result "0-1"]
[WhiteElo "1586"]
[BlackElo "2130"]
[PlyCount "56"]
[EventDate "2018.??.??"]
[EventType "tourn (corr)"]
[EventRounds "8"]
[SourceTitle "Corr 2022"]
[Source "ChessBase"]
[SourceDate "2021.10.24"]
[SourceVersion "1"]
[SourceVersionDate "2021.10.24"]
[SourceQuality "1"]

1. d4 d5 2. c4 c6 3. cxd5 cxd5 4. Nc3 Nf6 5. Nf3 Nc6 6. Bf4 Bf5 7. e3 e6 8. Bd3 Bxd3 9. Qxd3 Bd6 10. Bxd6 Qxd6 11. 0-0 0-0 12. Rfc1 Rfc8 13. a3 a6 14. Rc2 Rc7 15. Rac1 Rac8 16. h3 h6 17. Na4 Ne7 18. b4 Rxc2 19. Rxc2 Rxc2 20. Qxc2 b6 21. Ne5 Ne4 22. f3 Ng3 23. Qf2 Nef5 24. Qd2 f6 25. Ng4 Qc6 26. Nc3 Qxc3 27. Qf2 Qc1+ 28. Kh2 Qh1# 0-1

[Event "FICGS rapid C 000156 email"]
[Site "FICGS email"]
[Date "2018.03.02"]
[Round "1"]
[White "Price, Eric A Sr"]
[Black "Vollmer, Steve"]
[Result "1-0"]
[WhiteElo "1586"]
[BlackElo "1555"]
[PlyCount "67"]
[EventDate "2018.??.??"]
[EventType "tourn (rapid)"]
[EventRounds "4"]
[SourceTitle "Corr 2022"]
[Source "ChessBase"]
[SourceDate "2021.10.24"]
[SourceVersion "1"]
[SourceVersionDate "2021.10.24"]
[SourceQuality "1"]

1. d4 d5 2. c4 e6 3. Nc3 Nf6 4. Nf3 c5 5. e3 Nc6 6. a3 cxd4 7. exd4 Be7 8. Bd3 0-0 9. 0-0 a6 10. c5 b6 11. b4 bxc5 12. bxc5 Bd7 13. Bf4 Qa5 14. Qc2 h6 15. h3 Rfc8 16. g4 Qd8 17. Ne2 Be8 18. Kh2 Nd7 19. Qd2 g5 20. Bg3 e5 21. Bf5 e4 22. Ne1 Bf6 23. Rb1 Ra7 24. Ng2 Qa5 25. Qe3 Ne7 26. f4 Nxf5 27. gxf5 Be7 28. fxg5 hxg5 29. f6 Nxf6 30. Qxg5+ Kf8 31. Qh6+ Kg8 32. Be5 Bb5 33. Ngf4 Ng4+ 34. hxg4 1-0

[Event "FICGS W-ch st1 g01 email"]
[Site "FICGS email"]
[Date "2018.03.02"]
[Round "1"]
[White "Vasquez, Fernando Jose Pinto"]
[Black "Price, Eric A Sr"]
[Result "1-0"]
[WhiteElo "1964"]
[BlackElo "1586"]
[PlyCount "51"]
[EventDate "2018.??.??"]
[EventType "tourn (corr)"]
[EventRounds "8"]
[SourceTitle "Corr 2022"]
[Source "ChessBase"]
[SourceDate "2021.10.24"]
[SourceVersion "1"]
[SourceVersionDate "2021.10.24"]
[SourceQuality "1"]

1. e4 e5 2. Nf3 Nc6 3. d4 exd4 4. Nxd4 Bc5 5. Be3 Qf6 6. c3 Nge7 7. Bc4 Ne5 8. Be2 Qg6 9. 0-0 d6 10. Kh1 h5 11. f4 Ng4 12. f5 Qf6 13. Bxg4 hxg4 14. Qxg4 Rh4 15. Qg3 Rxe4 16. Nd2 d5 17. Nxe4 dxe4 18. Bg5 Qd6 19. Bf4 Qf6 20. Be5 Qh6 21. Nb5 f6 22. Nxc7+ Kf7 23. Nxa8 Nxf5 24. Qg4 fxe5 25. Rxf5+ Bxf5 26. Qxf5+ 1-0

[Event "FICGS class D 000244 email"]
[Site "FICGS email"]
[Date "2018.02.26"]
[Round "1"]
[White "Archip, Laurentiu"]
[Black "Price, Eric A Sr"]
[Result "0-1"]
[WhiteElo "1451"]
[BlackElo "1629"]
[PlyCount "76"]
[EventDate "2018.??.??"]
[EventType "tourn (corr)"]
[EventRounds "6"]
[SourceTitle "Corr 2022"]
[Source "ChessBase"]
[SourceDate "2021.10.24"]
[SourceVersion "1"]
[SourceVersionDate "2021.10.24"]
[SourceQuality "1"]

1. c4 Nf6 2. d4 e6 3. Nc3 Bb4 4. Bd2 0-0 5. Nf3 b6 6. e3 Bb7 7. Be2 d6 8. a3 Bxc3 9. Bxc3 Nbd7 10. 0-0 Ne4 11. Qc2 f5 12. Nd2 Qg5 13. Nf3 Qh6 14. Rad1 Rf7 15. d5 g5 16. h3 e5 17. b4 Nxc3 18. Qxc3 Raf8 19. Qc1 Bc8 20. e4 Rg7 21. exf5 Rxf5 22. Nh2 Rf8 23. Qc2 Nf6 24. Ng4 Nxg4 25. Bxg4 Qf6 26. Bxc8 Rxc8 27. b5 h5 28. Rd3 Qg6 29. Qe2 Rf8 30. Rf3 Rgf7 31. Rxf7 Qxf7 32. a4 Qg6 33. Ra1 Qf6 34. a5 e4 35. axb6 Qxa1+ 36. Kh2 Qe5+ 37. g3 axb6 38. Qxh5 Qf6 0-1

[Event "FICGS class D 000244 email"]
[Site "FICGS email"]
[Date "2018.02.26"]
[Round "1"]
[White "Capung, Albab"]
[Black "Price, Eric A Sr"]
[Result "0-1"]
[WhiteElo "1700"]
[BlackElo "1629"]
[PlyCount "94"]
[EventDate "2018.??.??"]
[EventType "tourn (corr)"]
[EventRounds "6"]
[SourceTitle "Corr 2022"]
[Source "ChessBase"]
[SourceDate "2021.10.24"]
[SourceVersion "1"]
[SourceVersionDate "2021.10.24"]
[SourceQuality "1"]

1. e3 d5 2. c4 Nf6 3. cxd5 Nxd5 4. Bc4 e5 5. Qf3 c6 6. Nc3 Be6 7. e4 Nc7 8. d3 Bc5 9. a3 a5 10. Bxe6 Nxe6 11. Qg3 Bd4 12. Nf3 Nd7 13. 0-0 Qf6 14. Ne2 Ba7 15. b4 axb4 16. Bb2 0-0 17. Nxe5 Nxe5 18. Bxe5 Qg6 19. axb4 Qh5 20. Nf4 Qg5 21. Nxe6 Qxg3 22. Bxg3 fxe6 23. Rab1 Bd4 24. b5 e5 25. b6 g5 26. h3 Ra2 27. Rb4 h5 28. h4 g4 29. Kh1 Rfa8 30. f4 gxf3 31. gxf3 R8a3 32. Rg1 Kf7 33. f4 Bxg1 34. Kxg1 Rxd3 35. Bf2 Rd1+ 36. Kg2 Rdd2 37. fxe5 Rxf2+ 38. Kg1 Rfb2 39. Rxb2 Rxb2 40. e6+ Kxe6 41. e5 Kxe5 42. Kf1 Kd4 43. Ke1 Kd3 44. Kf1 Ke3 45. Kg1 Kf3 46. Kh1 Kg3 47. Kg1 Rb1# 0-1

[Event "FICGS rapid D 000110 email"]
[Site "FICGS email"]
[Date "2018.02.24"]
[Round "1"]
[White "Capung, Albab"]
[Black "Price, Eric A Sr"]
[Result "1-0"]
[WhiteElo "1700"]
[BlackElo "1629"]
[PlyCount "53"]
[EventDate "2018.??.??"]
[EventType "tourn (rapid)"]
[EventRounds "5"]
[SourceTitle "Corr 2022"]
[Source "ChessBase"]
[SourceDate "2021.10.24"]
[SourceVersion "1"]
[SourceVersionDate "2021.10.24"]
[SourceQuality "1"]

1. e3 e5 2. c4 d5 3. cxd5 Qxd5 4. b3 Nf6 5. Nf3 Bg4 6. Bc4 Qd6 7. h3 Bh5 8. g4 Bg6 9. Ba3 c5 10. Nc3 a6 11. Ng5 b5 12. Qf3 Ra7 13. Bxb5+ Nbd7 14. Bc4 Be7 15. h4 h6 16. h5 hxg5 17. hxg6 Rxh1+ 18. Qxh1 Nf8 19. gxf7+ Kd8 20. d4 exd4 21. exd4 Qf4 22. Qc6 cxd4 23. Bxe7+ Rxe7+ 24. Ne2 Qb8 25. Rd1 Qa7 26. Bxa6 N8d7 27. Qc8# 1-0

[Event "FICGS rapid C 000153 email"]
[Site "FICGS email"]
[Date "2018.02.18"]
[Round "1"]
[White "Vollmer, Steve"]
[Black "Price, Eric A Sr"]
[Result "0-1"]
[WhiteElo "1568"]
[BlackElo "1629"]
[PlyCount "94"]
[EventDate "2018.??.??"]
[EventType "tourn (rapid)"]
[EventRounds "4"]
[SourceTitle "Corr 2022"]
[Source "ChessBase"]
[SourceDate "2021.10.24"]
[SourceVersion "1"]
[SourceVersionDate "2021.10.24"]
[SourceQuality "1"]

1. Nf3 d5 2. d4 Nf6 3. c4 c6 4. Bf4 e6 5. e3 Be7 6. Nc3 0-0 7. Rc1 Nbd7 8. h3 b6 9. Bd3 Bb7 10. 0-0 Re8 11. e4 dxc4 12. Bxc4 Bb4 13. Qe2 c5 14. Bd3 cxd4 15. Nb5 e5 16. Bg5 Rc8 17. a3 Rxc1 18. Rxc1 Bf8 19. b4 h6 20. Bxf6 Nxf6 21. Rc7 Re7 22. Rxe7 Bxe7 23. Qc2 a6 24. Nc7 b5 25. Nd2 Bd6 26. Nxb5 axb5 27. Bxb5 Qc7 28. Qxc7 Bxc7 29. f3 Kf8 30. Kf2 Ke7 31. Ke2 Nh5 32. Nb3 Nf4+ 33. Kf2 Bc8 34. Nc5 Bb6 35. Nd3 Nxd3+ 36. Bxd3 Kd6 37. Ke2 Bd7 38. Bc4 Ba4 39. Bxf7 Bd8 40. Bc4 Bg5 41. g3 Bc1 42. Kd3 Bxa3 43. f4 Bxb4 44. f5 Kc5 45. Ba6 Bb5+ 46. Bxb5 Kxb5 47. g4 Be7 0-1

[Event "FICGS rapid C 000152 email"]
[Site "FICGS email"]
[Date "2018.02.15"]
[Round "1"]
[White "Price, Eric A Sr"]
[Black "Konyukhov, Konstantin"]
[Result "1-0"]
[WhiteElo "1629"]
[BlackElo "1500"]
[PlyCount "83"]
[EventDate "2018.??.??"]
[EventType "tourn (rapid)"]
[EventRounds "4"]
[SourceTitle "Corr 2022"]
[Source "ChessBase"]
[SourceDate "2021.10.24"]
[SourceVersion "1"]
[SourceVersionDate "2021.10.24"]
[SourceQuality "1"]

1. e4 c6 2. d4 d5 3. exd5 cxd5 4. c4 Nc6 5. cxd5 Qxd5 6. Nf3 Bg4 7. Be2 e6 8. Nc3 Qd7 9. Bg5 h6 10. Bh4 g5 11. Bg3 f5 12. Be5 Rh7 13. Nb5 Nxe5 14. Nxe5 Qd5 15. Rc1 Qxg2 16. Rf1 Bb4+ 17. Nc3 Bxe2 18. Qxe2 a6 19. a3 Ba5 20. Kd1 Ne7 21. b4 Bb6 22. Kc2 Bxd4 23. Qh5+ Kd8 24. Rfd1 Qxf2+ 25. Kb3 Rc8 26. Nf7+ Kc7 27. Ne4+ Kb8 28. Nxf2 Rxc1 29. Rxd4 Nc6 30. Rd2 g4 31. Qg6 Rxf7 32. Qxf7 Ne5 33. Qf8+ Ka7 34. Rb2 Nf3 35. Nd3 Nd4+ 36. Ka2 Nc2 37. Qc5+ Kb8 38. Nxc1 Nxb4+ 39. axb4 h5 40. Qb6 h4 41. Rd2 g3 42. Rd8# 1-0

[Event "FICGS class C 000248 email"]
[Site "FICGS email"]
[Date "2018.01.27"]
[Round "1"]
[White "Price, Eric A Sr"]
[Black "Van Mechelen, Jan"]
[Result "1/2-1/2"]
[WhiteElo "1629"]
[BlackElo "1692"]
[PlyCount "80"]
[EventDate "2018.??.??"]
[EventType "tourn (corr)"]
[EventRounds "4"]
[SourceTitle "Corr 2022"]
[Source "ChessBase"]
[SourceDate "2021.10.24"]
[SourceVersion "1"]
[SourceVersionDate "2021.10.24"]
[SourceQuality "1"]

1. e4 e5 2. Nf3 Nc6 3. Bb5 a6 4. Ba4 Nf6 5. 0-0 b5 6. Bb3 Bb7 7. d3 Be7 8. c3 0-0 9. Re1 Re8 10. Nbd2 Bf8 11. Nf1 h6 12. Bc2 d5 13. Ng3 Qd7 14. d4 Nxe4 15. Nxe4 dxe4 16. Bxe4 exd4 17. Nxd4 Nxd4 18. Bxb7 Ne2+ 19. Kf1 Qxd1 20. Rxd1 Rab8 21. Bf3 Nxc1 22. Raxc1 Bd6 23. Re1 Rxe1+ 24. Rxe1 a5 25. Bc6 b4 26. Re8+ Rxe8 27. Bxe8 Kf8 28. Bc6 Ke7 29. g3 bxc3 30. bxc3 Be5 31. c4 Kd6 32. Bd5 f6 33. Ke2 Kc5 34. f4 Bd6 35. f5 Be5 36. Kf3 Kd6 37. Kg4 Ke7 38. Kf3 Kd6 39. Kg4 Ke7 40. Kf3 Kd6 1/2-1/2

[Event "FICGS rapid C 000148 email"]
[Site "FICGS email"]
[Date "2018.01.24"]
[Round "1"]
[White "Price, Eric A Sr"]
[Black "Stoicut, Tomita"]
[Result "1-0"]
[WhiteElo "1629"]
[BlackElo "1500"]
[PlyCount "43"]
[EventDate "2018.??.??"]
[EventType "tourn (rapid)"]
[EventRounds "4"]
[SourceTitle "Corr 2022"]
[Source "ChessBase"]
[SourceDate "2021.10.24"]
[SourceVersion "1"]
[SourceVersionDate "2021.10.24"]
[SourceQuality "1"]

1. e4 b6 2. d4 Bb7 3. Nc3 e6 4. Nf3 Nf6 5. Bd3 Bb4 6. e5 Ne4 7. Bxe4 Bxc3+ 8. bxc3 Bxe4 9. 0-0 0-0 10. Qe2 Bb7 11. Ba3 d6 12. Qe3 Re8 13. exd6 cxd6 14. Rfe1 Nc6 15. Qf4 d5 16. Re5 Nxe5 17. Nxe5 f6 18. Ng4 Rc8 19. Qg3 Kh8 20. f4 Ba6 21. Re1 Bc4 22. Qh3 1-0

[Event "FICGS class D 000242 email"]
[Site "FICGS email"]
[Date "2018.01.23"]
[Round "1"]
[White "Price, Eric A Sr"]
[Black "Tokarev, Oleg"]
[Result "1/2-1/2"]
[WhiteElo "1629"]
[BlackElo "1500"]
[PlyCount "80"]
[EventDate "2018.??.??"]
[EventType "tourn (corr)"]
[EventRounds "6"]
[SourceTitle "Corr 2022"]
[Source "ChessBase"]
[SourceDate "2021.10.24"]
[SourceVersion "1"]
[SourceVersionDate "2021.10.24"]
[SourceQuality "1"]

1. e4 c5 2. Nf3 a6 3. d4 cxd4 4. Nxd4 d6 5. Nc3 e6 6. Bc4 Be7 7. 0-0 Nf6 8. Bb3 0-0 9. f4 e5 10. fxe5 dxe5 11. Nf5 Bxf5 12. Qxd8 Rxd8 13. Rxf5 Nc6 14. Nd5 Bc5+ 15. Kf1 Nd4 16. Rg5 Nxe4 17. Rxe5 Re8 18. Bf4 Rxe5 19. Bxe5 Nxb3 20. axb3 Re8 21. Bc3 Nxc3 22. bxc3 h6 23. Ra5 Bd6 24. g3 Re5 25. c4 Kf8 26. Ra1 Bc5 27. b4 Bd6 28. c3 Ke8 29. Rd1 Bb8 30. c5 f6 31. g4 Re4 32. h3 Bg3 33. Kg2 Bb8 34. Kf3 Re5 35. Nf4 Re7 36. Ng6 Re6 37. Nh4 Be5 38. Rd3 Re7 39. Nf5 Rc7 40. Ke4 Rf7 1/2-1/2

[Event "FICGS class D 000242 email"]
[Site "FICGS email"]
[Date "2018.01.23"]
[Round "1"]
[White "Van Mechelen, Jan"]
[Black "Price, Eric A Sr"]
[Result "0-1"]
[WhiteElo "1692"]
[BlackElo "1629"]
[PlyCount "120"]
[EventDate "2018.??.??"]
[EventType "tourn (corr)"]
[EventRounds "6"]
[SourceTitle "Corr 2022"]
[Source "ChessBase"]
[SourceDate "2021.10.24"]
[SourceVersion "1"]
[SourceVersionDate "2021.10.24"]
[SourceQuality "1"]

1. e4 e5 2. Nf3 Nc6 3. Bc4 Nf6 4. d3 Be7 5. 0-0 0-0 6. Re1 d6 7. a4 Bg4 8. Be3 Re8 9. a5 a6 10. Nc3 Bf8 11. h3 Be6 12. Bg5 g6 13. Qd2 Bg7 14. Nd5 Bxd5 15. Bxd5 Qd7 16. Ba2 b6 17. axb6 cxb6 18. c3 Rad8 19. b4 a5 20. b5 Ne7 21. Bc4 Qc7 22. Bh6 d5 23. exd5 Nexd5 24. Bxg7 Kxg7 25. Qc2 Nf4 26. Re3 N6d5 27. Ree1 Qd7 28. Rad1 f6 29. Nh2 h5 30. Nf1 Qb7 31. f3 h4 32. Ne3 Ne7 33. d4 exd4 34. cxd4 Ned5 35. Nxd5 Rxe1+ 36. Rxe1 Nxd5 37. Qe4 Qd7 38. Bd3 f5 39. Qe5+ Kh6 40. Bc4 Nb4 41. d5 Qd6 42. Qxd6 Rxd6 43. f4 Kg7 44. Kf2 Kf6 45. Re2 Kf7 46. Ke3 Ke7 47. Kd4+ Kd7 48. Re6 Nc2+ 49. Ke5 Rxe6+ 50. dxe6+ Ke7 51. Bb3 Ne3 52. Kd4 Nxg2 53. Kd5 Nxf4+ 54. Kc6 Nxh3 55. Kxb6 Nf4 56. Kc7 h3 57. b6 h2 58. b7 h1Q 59. b8Q Nxe6+ 60. Kc8 Qc6+ 0-1

[Event "FICGS rapid C 000141 email"]
[Site "FICGS email"]
[Date "2017.11.28"]
[Round "1"]
[White "Price, Eric A Sr"]
[Black "Hilbert, Stephan"]
[Result "0-1"]
[WhiteElo "1571"]
[BlackElo "1674"]
[PlyCount "38"]
[EventDate "2017.??.??"]
[EventType "tourn (rapid)"]
[EventRounds "4"]
[SourceTitle "Corr 2022"]
[Source "ChessBase"]
[SourceDate "2021.10.24"]
[SourceVersion "1"]
[SourceVersionDate "2021.10.24"]
[SourceQuality "1"]

1. e4 d5 2. exd5 Qxd5 3. Nc3 Qa5 4. d4 Nf6 5. Bc4 Bg4 6. f3 Bd7 7. Nge2 e6 8. 0-0 Be7 9. Ne4 Bb5 10. Bb3 0-0 11. c4 Ba6 12. Bd2 Qb6 13. Be3 Nxe4 14. fxe4 Nc6 15. Rf3 Rad8 16. Kh1 Nxd4 17. Bxd4 c5 18. Bxc5 Rxd1+ 19. Rxd1 Qxc5 0-1

[Event "FICGS rapid D 000105 email"]
[Site "FICGS email"]
[Date "2017.11.21"]
[Round "1"]
[White "Pintor, Manuel Abranches"]
[Black "Price, Eric A Sr"]
[Result "0-1"]
[WhiteElo "1403"]
[BlackElo "1571"]
[PlyCount "20"]
[EventDate "2017.??.??"]
[EventType "tourn (rapid)"]
[EventRounds "5"]
[SourceTitle "Corr 2022"]
[Source "ChessBase"]
[SourceDate "2021.10.24"]
[SourceVersion "1"]
[SourceVersionDate "2021.10.24"]
[SourceQuality "1"]

1. e4 e5 2. f4 d5 3. exd5 e4 4. Nc3 Nf6 5. Bb5+ c6 6. dxc6 Nxc6 7. Qe2 Bf5 8. d3 Bb4 9. Nf3 0-0 10. Ne5 Nd4 0-1

[Event "FICGS rapid C 000140 email"]
[Site "FICGS email"]
[Date "2017.09.02"]
[Round "1"]
[White "Price, Eric A Sr"]
[Black "Domingo Gadea, Jordi"]
[Result "0-1"]
[WhiteElo "1547"]
[BlackElo "1896"]
[PlyCount "56"]
[EventDate "2017.??.??"]
[EventType "tourn (rapid)"]
[EventRounds "4"]
[SourceTitle "Corr 2022"]
[Source "ChessBase"]
[SourceDate "2021.10.24"]
[SourceVersion "1"]
[SourceVersionDate "2021.10.24"]
[SourceQuality "1"]

1. e4 e5 2. Nf3 Nc6 3. Bb5 g5 4. d4 Nxd4 5. Nxd4 exd4 6. Qxd4 Qf6 7. e5 Qb6 8. Qxb6 axb6 9. Bd2 Bg7 10. Bc3 Ne7 11. Nd2 Nd5 12. 0-0 Nxc3 13. bxc3 0-0 14. Ne4 Bxe5 15. a4 h6 16. Rad1 c6 17. Be2 d5 18. Ng3 Rxa4 19. Rd3 f5 20. Re3 Bd6 21. Nh1 f4 22. Rd3 Bf5 23. h4 Bxd3 24. cxd3 Rfa8 25. hxg5 hxg5 26. c4 Ra1 27. cxd5 Rxf1+ 28. Bxf1 g4 0-1